=LDR 00000nam 2200000 4500 =001 INLIS000000000009552 =005 20200211112743 =035 ##$$a 0010-061300000009552 =008 200211################g##########0#ind## =041 ##$$a Ind =082 ##$$a 170.2 =090 ##$$a 70.2, Uch ka =100 ##$$a Uchida, Reiko =245 1#$$a Ketidakpastian Abad 21 /$c Uchida, reiko =260 ##$$a Jakarta :$b Pustaka firdaus,$c 1997 =300 ##$$a Xi, 126 hlm ; $c 12 x 17 cm =650 #4$$a Remaja =850 ##$$a NBPNMAT =020 ##$$a 979-541-098-9 =084 ##$$a 170.2 UCH k =250 ##$$a Cet. 1 =990 ##$$a DW00025804 =990 ##$$a DW00025805 =990 ##$$a 123. 373/Pro- 97 =990 ##$$a DW00025804 =990 ##$$a 123. 372/Pro- 97 =990 ##$$a 123. 373/Pro- 97 =990 ##$$a 123. 372/Pro- 97 =990 ##$$a 123. 373/Pro- 97